Mythology (Record no. 9561)

MARC details
000 -LEADER
fixed length control field 00602nam a2200241 a 4500
020 ## - INTERNATIONAL STANDARD BOOK NUMBER
ISBN 0452855
082 00 - DEWEY DECIMAL CLASSIFICATION NUMBER
Classification number 291.13
Author Cutter HAM
100 ## - MAIN ENTRY--AUTHOR NAME
Author name Hamilton, Edith
245 ## - TITLE STATEMENT
Title Mythology
Sub title Timeless Tales of Gods and Heroes.
260 ## - PUBLICATION, DISTRIBUTION, ETC. (IMPRINT)
Place of publication New York
Name of publisher Penguin Books
Year of publication 1989
300 ## - PHYSICAL DESCRIPTION
Number of Pages 335p
500 ## - GENERAL NOTE
General note includes index and biblioraphy
505 2# - FORMATTED CONTENTS NOTE
Formatted contents note Index
650 ## - SUBJECT ADDED ENTRY--TOPICAL TERM
Topical Term Mythology-West
942 ## - ADDED ENTRY ELEMENTS (KOHA)
Koha item type Books
700 1# -
-- Hamilton, Edith
Holdings
Collection code Home library Current library Date acquired Cost, normal purchase price Full call number Accession Number Koha item type
  Henry Martyn Institute Library Henry Martyn Institute Library 07/20/2007 437.00 291.13 HAM 016032 Books
                   Copyright © 2026 | Henry Martyn Institute | Hyderabad | TS-500052 | INDIA | Implemented by hmi.edu.in
Hit-Count:

Powered by Koha